Je daňová podpora skutočne reálnou podporou?
Daňové ustanovenie na podporu podnikateľských subjektov na začiatku ich činnosti. Definovanie vzniku daňovej povinnosti. Povinnosť podať daňové priznanie. Daňové úľavy pre podnikateľov. Priame a nepriame zníženie nezamestnanosti.
Enregistré dans:
| Auteur principal: | |
|---|---|
| Format: | Chapitre de livre |
| Langue: | slovaque |
| Sujets: | |
| Tags: |
Pas de tags, Soyez le premier à ajouter un tag!
|
MARC
| LEADER | 00000naa a2200000 4500 | ||
|---|---|---|---|
| 001 | r032307 | ||
| 005 | 20230929092512.4 | ||
| 041 | 0 | |a slo | |
| 044 | |a SK | ||
| 245 | 1 | 0 | |a Je daňová podpora skutočne reálnou podporou? |c Miloslav Nekanovič |
| 520 | |a Daňové ustanovenie na podporu podnikateľských subjektov na začiatku ich činnosti. Definovanie vzniku daňovej povinnosti. Povinnosť podať daňové priznanie. Daňové úľavy pre podnikateľov. Priame a nepriame zníženie nezamestnanosti. | ||
| 610 | 2 | 0 | |a dane |
| 610 | 2 | 0 | |a podpora podnikania |
| 610 | 2 | 0 | |a povinnosť daňová |
| 610 | 2 | 0 | |a daňovníci |
| 610 | 2 | 0 | |a strata |
| 610 | 2 | 0 | |a zisk |
| 610 | 2 | 0 | |a úľavy daňové |
| 610 | 2 | 0 | |a priznania daňové |
| 100 | 1 | |a Nekanovič, Miloslav | |